Statistics for Top 25 Transfers - Football Season 2007/08

Click here to take the quiz!

General Stats

  • This quiz has been taken 51 times
  • The average score is 15 of 25

Answer Stats

FromToNatPosFeePlayer% Correct
ChelseaReal MadridNEDRW€35.00mArjen Robben
100%
Atlético MadridLiverpoolESPST€38.00mFernando Torres
100%
MarseilleFC BayernFRALW€30.00mFranck Ribéry
100%
SportingManchester UnitedPORLW€25.50mNani
98%
ArsenalFC BarcelonaFRAST€24.00mThierry Henry
95%
West HamLiverpoolARGCDM€22.50mJavier Mascherano
93%
PortoReal MadridPORCB€30.00mPepe
93%
VillarrealAtlético MadridURUST€21.00mDiego Forlán
91%
PortoManchester UnitedBRACM€31.50mAnderson
84%
BoltonChelseaFRAST€18.00mNicolas Anelka
81%
Olympique LyonChelseaFRALW€19.00mFlorent Malouda
74%
FC BayernManchester UnitedENGCDM€25.00mOwen Hargreaves
72%
AjaxReal MadridNEDCAM€27.00mWesley Sneijder
70%
InternacionalMilanBRAST€24.00mAlexandre Pato
67%
RomaInterROMCB€16.00mCristian Chivu
51%
AjaxLiverpoolNEDLW€17.25mRyan Babel
40%
CharltonTottenham HotspurENGST€24.75mDarren Bent
30%
Real ZaragozaFC BarcelonaARGCB€20.00mGabriel Milito
28%
Boca JuniorsValenciaARGCM€18.00mÉver Banega
26%
BenficaAtlético MadridPORLW€20.00mSimão
26%
LecceRomaMNECF€15.75mMirko Vucinic
21%
HeerenveenMiddlesbroughBRAST€17.00mAfonso Alves
16%
MiddlesbroughEvertonNGRST€16.50mYakubu Aiyegbeni
7%
LOSC LilleOlympique LyonCIVRW€16.80mAbdul Kader Keita
2%
BenficaValenciaPORCAM€18.00mManuel Fernandes
0%

Score Distribution

Percentile by Number Answered

Percent of People with Each Score

Your Score History

You have not taken this quiz